ბათუმის შოთა რუსთაველის სახელმწიფო უნივერსიტეტის ბიბლიოთეკა

Marketing and Managing Tourism Destinations / (ბიბ.ჩანაწერი № 45729)

000 -LEADER
fixed length control field 00657nam a2200229Ia 4500
001 - CONTROL NUMBER
control field 12556
003 - CONTROL NUMBER IDENTIFIER
control field GE_BSU
005 - DATE AND TIME OF LATEST TRANSACTION
control field 20240826114641.0
008 - FIXED-LENGTH DATA ELEMENTS--GENERAL INFORMATION
fixed length control field 181216s2013||||enk|||||||||||||| ||eng||
020 ## - INTERNATIONAL STANDARD BOOK NUMBER
International Standard Book Number 9780415672504x
040 ## - CATALOGING SOURCE
Transcribing agency GE_BSU
041 ## - LANGUAGE CODE
Language code of text/sound track or separate title eng
080 ## - UNIVERSAL DECIMAL CLASSIFICATION NUMBER
Universal Decimal Classification number 658 M-86
100 ## - MAIN ENTRY--PERSONAL NAME
Personal name Morrison, Alastair M.
9 (RLIN) 23116
245 ## - TITLE STATEMENT
Title Marketing and Managing Tourism Destinations /
Statement of responsibility, etc. Alastair M. Morrison.
264 ## - PRODUCTION, PUBLICATION, DISTRIBUTION, MANUFACTURE, AND COPYRIGHT NOTICE
Place of production, publication, distribution, manufacture London :
Name of producer, publisher, distributor, manufacturer Routledge,
Date of production, publication, distribution, manufacture, or copyright notice 2013.
300 ## - PHYSICAL DESCRIPTION
Extent 596 p.;
Other physical details ill.;
Dimensions 24 cm.
653 ## - INDEX TERM--UNCONTROLLED
keyword მარკეტინგი და მენეჯმენტი
653 ## - INDEX TERM--UNCONTROLLED
keyword ტურიზმი
942 ## - ADDED ENTRY ELEMENTS (KOHA)
Koha item type წიგნი
Source of classification or shelving scheme
ეგზემპლარები
Withdrawn status Lost status Source of classification or shelving scheme Damaged status Not for loan Permanent Location Current Location Shelving location Date acquired Cost, normal purchase price Full call number Barcode Date last seen Copy number Price effective from Koha item type Public note
          ბათუმის შოთა რუსთაველის სახელმწიფო უნივერსიტეტის მთავარი ბიბლიოთეკა ბათუმის შოთა რუსთაველის სახელმწიფო უნივერსიტეტის მთავარი ბიბლიოთეკა წიგნსაცავი 2018-12-17 126.00 658 M-86 36231 2018-12-17 36231 2018-12-17 წიგნი 126 ლ.